| 000 | 01025nas a2200337 4500 | ||
|---|---|---|---|
| 001 | BR0205309 | ||
| 003 | BR-BrBNA | ||
| 005 | 20231205103334.0 | ||
| 007 | ta | ||
| 008 | 230509b bl.|||p| |||| 00| 00por d | ||
| 040 |
_aBR-BrBNA _bpor _cBiblioteca Nacional de Agricultura |
||
| 041 | _a(Pt) | ||
| 072 | _aL51 | ||
| 100 | 1 | _aRestle, J. | |
| 100 | 1 | _aNeumann, M. | |
| 100 | 1 | _aBrondani, I.L. | |
| 100 | 1 | _aPascoal, L.L. | |
| 100 | 1 | _aSilva, J.H.S. da | |
| 100 | 1 | _aPellegrini, L.G. de | |
| 100 | 1 | _aSouza, A.N.M. de | |
| 245 | 1 | _aManipulação da altura de corte da planta de milho (Zea mays, L.)para ensilagem, visando a produção do novilho superprecoce | |
| 650 | _aGADO DE CORTE | ||
| 650 | _aNOVILHO | ||
| 650 | _aMILHO | ||
| 650 | _aSILAGEM | ||
| 650 | _aNUTRIÇÃO ANIMAL | ||
| 650 | _aGANHO DE PESO | ||
| 773 | 0 |
_tRevista Brasileira de Zootecnia (Brazil) _xISSN 1516-3598 _g(May-Jun 2002), v. 31(3) p. 1235-1344 _wBR0205309 |
|
| 909 |
_a202311 _bLúcia _c55 _dLúcia Elande |
||
| 942 |
_2AGRIS _n0 _cANA |
||
| 999 |
_c172341 _d172341 |
||